မြင့်မြတ်သူတို့ရဲ့အလုပ် / (Record no. 18916)
[ view plain ]
| 000 -LEADER | |
|---|---|
| fixed length control field | 00736nam a2200205Ia 4500 |
| 003 - CONTROL NUMBER IDENTIFIER | |
| control field | OSt |
| 005 - DATE AND TIME OF LATEST TRANSACTION | |
| control field | 20241119134518.0 |
| 007 - PHYSICAL DESCRIPTION FIXED FIELD--GENERAL INFORMATION | |
| fixed length control field | ca aa aaaaa |
| 008 - FIXED-LENGTH DATA ELEMENTS--GENERAL INFORMATION | |
| fixed length control field | 201103s9999 xx 000 0 und d |
| 040 ## - CATALOGING SOURCE | |
| Transcribing agency | SSBUL |
| 041 ## - LANGUAGE CODE | |
| Language code of text/sound track or separate title | bur |
| 082 ## - DEWEY DECIMAL CLASSIFICATION NUMBER | |
| Classification number | ၂၉၄.၃၆၃ |
| Item number | ရ |
| 100 0# - MAIN ENTRY--PERSONAL NAME | |
| Personal name | ရဝေနွယ်(အင်းမ)။ |
| 245 10 - TITLE STATEMENT | |
| Title | မြင့်မြတ်သူတို့ရဲ့အလုပ် / |
| Statement of responsibility, etc. | ရဝေနွယ်(အင်းမ)။ |
| 260 ## - PUBLICATION, DISTRIBUTION, ETC. | |
| Place of publication, distribution, etc. | ရန်ကုန် ၊ |
| Name of publisher, distributor, etc. | ရာပြည့်စာပေ၊ |
| Date of publication, distribution, etc. | ၂၀၀၈။ |
| 300 ## - PHYSICAL DESCRIPTION | |
| Extent | ၁၉၂ စာမျက်နှာ ၊ |
| Dimensions | ၁၇ စင်တီ။ |
| 500 ## - GENERAL NOTE | |
| General note | S-SAT: Dr. Sai Aung Tun |
| 650 ## - SUBJECT ADDED ENTRY--TOPICAL TERM | |
| Topical term or geographic name entry element | ဗုဒ္ဓဝင် |
| 942 ## - ADDED ENTRY ELEMENTS (KOHA) | |
| Koha item type | Books (Long term) |
| Source of classification or shelving scheme | |
| Withdrawn status | Lost status | Source of classification or shelving scheme | Damaged status | Not for loan | Collection code | Permanent Location | Current Location | Shelving location | Date acquired | Total Checkouts | Full call number | Barcode | Date last seen | Date last checked out | Price effective from | Koha item type | Accession |
|---|---|---|---|---|---|---|---|---|---|---|---|---|---|---|---|---|---|
| Myanmar Collection | Shan State Buddhist University Library | Shan State Buddhist University Library | Myanmar Shelves | 17/02/2023 | 1 | ၂၉၄.၃၆၃ ရ ၁၇၂၇(၁) | MB00001727 | 02/01/2025 | 30/12/2024 | 17/02/2023 | Books (Long term) | ၁၇၂၇(၁) | |||||
| Myanmar Collection | Shan State Buddhist University Library | Shan State Buddhist University Library | Myanmar Shelves | 17/02/2023 | 1 | ၂၉၄.၃၆၃ ရ ၃၉၉၀(၂) | MB00003990 | 07/04/2025 | 24/03/2025 | 17/02/2023 | Books (Long term) | ၃၉၉၀(၂) | |||||
| Myanmar Collection | Shan State Buddhist University Library | Shan State Buddhist University Library | Myanmar Shelves | 17/02/2023 | 1 | ၂၉၄.၃၆၃ ရ ၆၁၉၁(၃) | MB00006191 | 07/04/2025 | 24/03/2025 | 17/02/2023 | Books (Long term) | ၆၁၉၁(၃) | |||||
| Special Collections | Shan State Buddhist University Library | Shan State Buddhist University Library | Special Collection Shelves | 19/11/2024 | ၂၉၄.၃၆၃ ရ ၉၁၄၂(၁) S-SAT | MB00009142 | 19/11/2024 | 17/02/2023 | Book (Short term) | ၉၁၄၂(၁) S-SAT | |||||||
| Special Collections | Shan State Buddhist University Library | Shan State Buddhist University Library | Special Collection Shelves | 19/11/2024 | ၂၉၄.၃၆၃ ရ ၉၁၄၄(၂) S-SAT | MB00009144 | 19/11/2024 | 17/02/2023 | Book (Short term) | ၉၁၄၄(၂) S-SAT |